000 00593nam a2200229Ia 4500
005 20250508164625.0
008 008 250505s9999 xx 000 0 eng d
020 _a81-88789-55-0
037 _aTextual
040 _aFEDL
_beng
_cFEDL
041 _aeng
_2eng
084 _a507, ARD
_qFEDL
100 _aArdley Neil
_9778644
245 0 _aMy science book of colour
260 _aLondon, UK
_bDorling Kindersley
_c1991
300 _a29p
365 _aGBP
_b5.99
546 _aMACESE
650 _aScience teaching
942 _cTEXL
_h507, ARD
999 _c1390193
_d1390193